Trésors de l'impressionnisme au Louvre /
Estudio de las principales obras del impresionismo que forman parte de la colección del Museo del Louvre. Se analizan poco más de 100 pinturas, de pintores como Paul Cézanne, Edgar Degas, Paul Gauguin, Armand Guillaumin, Auguste Renoir, Edouard Manet, Claude Monet, Henri de Toulouse-Lautrec, Vincent...
Guardado en:
| Autor principal: | |
|---|---|
| Formato: | Libro |
| Idioma: | Francés |
| Publicado: |
París, Francia :
Aimery Somogy,
1958, c1958
|
| Temas: | |
| Etiquetas: |
Sin etiquetas, Sé el primero en etiquetar este registro!
|
MARC
| LEADER | 00000nam^a2200000^a^4500 | ||
|---|---|---|---|
| 001 | 000585165 | ||
| 005 | 20250526000000.0 | ||
| 009 | 20260310132724.919 | ||
| 037 | |a Acervo ITESO - Biblioteca | ||
| 041 | |a FRA | ||
| 091 | |a FCO. 01101 | ||
| 100 | |a Bazin, Germain |e (autor) | ||
| 245 | 1 | 0 | |a Trésors de l'impressionnisme au Louvre / |c G. Bazin. |
| 264 | 4 | |a París, Francia : |b Aimery Somogy, |c 1958, c1958 | |
| 300 | |a 319 p. ; |c 21.5 cm. | ||
| 336 | |a texto |b txt |2 rdacontenido | ||
| 337 | |a sin mediación |b n |2 rdamedio | ||
| 338 | |a volumen |b nc |2 rdasoporte | ||
| 520 | |a Estudio de las principales obras del impresionismo que forman parte de la colección del Museo del Louvre. Se analizan poco más de 100 pinturas, de pintores como Paul Cézanne, Edgar Degas, Paul Gauguin, Armand Guillaumin, Auguste Renoir, Edouard Manet, Claude Monet, Henri de Toulouse-Lautrec, Vincent van Gogh, entre muchos otros. | ||
| 561 | |a Ex libris de Eric E. Coufal, arquitecto | ||
| 649 | |a XX | ||
| 650 | |a Musée du Louvre - |x Colecciones - |x Tema Principal | ||
| 650 | |a Museos y Galerías - |z París, Francia - |x Colecciones | ||
| 650 | |a Impresionismo - |x Historia y Crítica - |x Tema Principal | ||
| 650 | |a Pintura Moderna - |x Historia y Crítica | ||
| 650 | |a Pintura - |x Historia y Crítica | ||
| 650 | |a Arte Moderno - |x Historia y Crítica | ||
| 650 | |a Arte - |x Historia y Crítica | ||
| 910 | |a Fondo Erich Coufal Kieswetter | ||
| 920 | |a Impresos - Libros | ||
| 930 | |a Libros Antiguos y Raros | ||
| 905 | |a 142 | ||
| 901 | |a 0500407802 |b IT2 |c LRA |i D |u 20250526 | ||
| 902 | |a https://opac.biblio.iteso.mx/vufind/Record/000585165 | ||